Normal view MARC view

Entry AUTORIDADES PERSONAS

Number of records used in: 2

001 - NÚMERO DE CONTROL

  • campo de control: 512

003 - CONTROL

  • campo de control: AR-BaSMT

005 - FECHA Y HORA DE LA ÚLTIMA TRANSACCIÓN

  • campo de control: 20260512141332.0

008 - ELEMENTOS LONGITUD FÍSICA

  • campo de control de longitud fija: 260512|| aca||aabn | a|a d

024 7# - OTROS INDICADORES NORMALIZADOS

  • Fuente: VIAF
  • Número estándar o código: http://viaf.org/viaf/132147118255226341563

040 ## - FUENTE DE CATALOGACIÓN

  • Agencia que cataloga: AR-BaSMT
  • Idioma de catalogación: spa
  • Norma: RDA

100 1# - ENCABEZAMIENTO-NOMBRE DE PERSONA

  • Nombre de persona: Padilla, Constanza

375 ## - GÉNERO/SEXO

  • Masculino, femenino, desconocido, intersexo, … : Mujer

377 ## - IDIOMA ASOCIADO

  • Código (spa) : spa

400 0# - TRAZADO DE VÉASE--NOMBRE DE PERSONA

  • Nombre de persona: Constanza Padilla

670 ## - FUENTE DE DATOS ENCONTRADOS

  • Cita de la fuente: Yo argumento, 2011
  • Donde se localiza la información: Portada

Powered by Koha